| 000 | 00850nac a22002171u 4500 | ||
|---|---|---|---|
| 008 | 100906s2006 n |||||r|||| 001 0 eng d | ||
| 010 | _a 2005021403 | ||
| 020 | _a9780471467557 (pbk.) | ||
| 020 | _a0471467553 (pbk.) | ||
| 082 |
_a005.117 _bKOF _222 |
||
| 100 |
_aKoffman, Elliot B. _918171 |
||
| 245 |
_aObjects, abstraction, data structures, and design : _busing C++ / _cElliot B. Koffman, Paul A.T. Wolfgang. |
||
| 260 |
_aHoboken, NJ : _bJohn Wiley & Sons, Inc.,2006 _cc2006. |
||
| 300 |
_axxvi, 806 p. : _bill. ; _c23 cm. |
||
| 500 | _aIncludes index. | ||
| 650 |
_aObject-oriented programming (Computer science) _918172 |
||
| 650 |
_aData structures (Computer science) _918173 |
||
| 650 |
_aApplication program interfaces (Computer software) _918174 |
||
| 650 |
_aC++ (Computer program language) _918175 |
||
| 942 |
_k005.117KOF _cBB _2ddc |
||
| 999 |
_c504 _d504 |
||